000 00703nam a2200181Ia 4500
008 100921s9999 xx 000 0 und d
082 _b13620
_a173 थ 00
100 _aआपटे नारायण हरी.
245 _aसुगरिणीचा संसार.
260 _bआपटे आणि मंडळी,गोरेगांव.
_c1900
300 _a216
_b---
365 _b2
520 _aनीतिशास्त्र-कुटुंब-नीति.
630 _aसुगरिणीचा संसार.
650 _aनीतिशास्त्र-कुटुंब-नीति.
730 _aसुगरिणीचा संसार.
942 _cBOOK
999 _c762733
_d762730